书目信息 |
| 书名: | holiday cocktails | |
| 作者: | Mr. Boston | |
| 分册号: | ||
| 分册名: | 出版地: | Hoboken |
|
| 出版社: | John Wiley & Sons | |
| 出版时间: | 2009 | |
| 页数: | 106P | |
| 开本: | 23CM | |
| 丛书名: | ||
| 中图分类号: | ||
| 科图分类号: | ||
| 其他分类号: | TS972.19 | |
| 主题词: | ||
| 电子资源: | ||
| 000 | 00381nam0 2200133 450 | |
| 001 | 202012003351 | |
| 005 | 20121204151549.0 | |
| 008 | 12120401s | |
| 020 | @a9780470185414@bHARD@c$15.95 | |
| 099 | @dTS972.19@eM9394 | |
| 245 | @a holiday cocktails @cMr. Boston | |
| 260 | 0 | @aHoboken@bJohn Wiley & Sons@c2009 |
| 300 | @a106P@c23CM | |
| 905 | @aTSG@b14754-5@dTS972.19@eM9394 | |
| holiday cocktails / Mr. Boston.-Hoboken : John Wiley & Sons , 2009 |
| 106P ; 23CM |
| ISBN 9780470185414HARD$15.95 |
| ● |
| 相关链接 |
|
|
|
正题名:holiday cocktails
索取号:TS972.19/M9394
 
预约/预借
| 序号 | 登录号 | 条形码 | 馆藏地/架位号 | 状态 | 备注 |
| 1 | 14754 | 300147543 | 自科库501/ [索取号:TS972.19/M9394] | 在馆 | |
| 2 | 14755 | 300147552 | 自科库501/ [索取号:TS972.19/M9394] | 在馆 |